[Event "48th Rilton Cup 2018"]
[Site "Stockholm"]
[Date "2019.01.03"]
[Round "7"]
[White "Thybo, Jesper Sondergaard"]
[Black "Karthikeyan, Murali"]
[Result "0-1"]
[WhiteElo "2519"]
[BlackElo "2591"]
[Annotator "ChessBase"]
[PlyCount "84"]
[EventDate "2018.12.27"]
[EventType "swiss"]
[EventCountry "SWE"]
[SourceTitle "playchess.com"]
[Source "ChessBase"]
[SourceQuality "1"]
[TimeControl "40/5400+30:1800+30"]

1. d4 {[%emt 0:00:00]} Nf6 {[%emt 0:01:00]} 2. c4 {[%emt 0:00:00]} g6 {[%emt 0:00:15]} 3. Nc3 {[%emt 0:00:00]} Bg7 {[%emt 0:00:07]} 4. e4 {[%emt 0:00:00]} d6 {[%emt 0:00:04]} 5. Nf3 {[%emt 0:00:00]} O-O {[%emt 0:00:07]} 6. Be2 {[%emt 0:00:00]} e5 {[%emt 0:00:09]} 7. O-O {[%emt 0:00:00]} Nc6 {[%emt 0:00:05]} 8. d5 {[%emt 0:00:05]} Ne7 {[%emt 0:00:06]} 9. b4 {[%emt 0:00:10]} Nh5 {[%emt 0:00:27]} 10. g3 {[%emt 0:00:09]} f5 {[%emt 0:00:45]} 11. Ng5 {[%emt 0:00:18]} Nf6 {[%emt 0:00:08]} 12. Bf3 {[%emt 0:00:06]} Rb8 {[%emt 0:00:20]} 13. Ba3 {[%emt 0:23:14]} h6 {[%emt 0:15:15]} 14. Ne6 {[%emt 0:00:08]} Bxe6 {[%emt 0:00:06]} 15. dxe6 {[%emt 0:00:01]} Qc8 {[%emt 0:07:14]} 16. Nd5 {[%emt 0:05:22]} Qxe6 {[%emt 0:01:46]} 17. Nxc7 {[%emt 0:01:38]} Qd7 {[%emt 0:04:22]} 18. Nb5 {[%emt 0:05:08]} fxe4 {[%emt 0:03:02]} 19. Bg2 {[%emt 0:04:04]} Nf5 {[%emt 0:06:30]} 20. Re1 {[%emt 0:07:35]} Rbc8 {[%emt 0:06:54]} 21. Nc3 {[%emt 0:09:13]} e3 {[%emt 0:11:06]} 22. fxe3 {[%emt 0:00:52]} Rxc4 {[%emt 0:00:35]} 23. Qb3 {[%emt 0:04:52]} Qf7 {[%emt 0:02:52]} 24. b5 {[%emt 0:01:19]} e4 {[%emt 0:06:11]} 25. Rac1 {[%emt 0:07:57]} Re8 {[%emt 0:02:29]} 26. Nd5 {[%emt 0:06:22]} Rxc1 {[%emt 0:00:19]} 27. Nxf6+ {[%emt 0:00:03]} Bxf6 {[%emt 0:00:06]} 28. Qxf7+ {[%emt 0:00:08]} Kxf7 {[%emt 0:00:01]} 29. Rxc1 {[%emt 0:00:20]} Bd8 {[%emt 0:11:33]} 30. Rc8 {[%emt 0:22:19]} d5 {[%emt 0:02:33]} 31. Bc1 {[%emt 0:00:23]} Bg5 {[%emt 0:07:15]} 32. Rxe8 {[%emt 0:01:07]} Kxe8 {[%emt 0:00:06]} 33. Kf2 {[%emt 0:00:06]} h5 {[%emt 0:00:05]} 34. Ke2 {[%emt 0:01:43]} Nd6 {[%emt 0:03:11]} 35. a4 {[%emt 0:00:15]} Nc4 {[%emt 0:00:29]} 36. Bd2 {[%emt 0:01:52]} Kf7 {[%emt 0:03:37]} 37. Bh3 {[%emt 0:00:44]} b6 {[%emt 0:02:16]} 38. Bc1 {[%emt 0:00:42]} Kf6 {[%emt 0:00:44]} 39. Bc8 {[%emt 0:00:40]} d4 {[%emt 0:00:25]} 40. Bb7 {[%emt 0:00:22]} d3+ {[%emt 0:00:26]} 41. Ke1 {[%emt 0:01:43]} Ke5 {[%emt 0:00:00]} 42. Bd2 {[%emt 0:01:33]} Bxe3 {[%emt 0:00:00]} 0-1

[Event "48th Rilton Cup 2018"]
[Site "Stockholm"]
[Date "2019.01.03"]
[Round "7"]
[White "Yeoh, Li Tian"]
[Black "Santos Latasa, Jaime"]
[Result "1/2-1/2"]
[WhiteElo "2508"]
[BlackElo "2584"]
[Annotator "ChessBase"]
[PlyCount "54"]
[EventDate "2018.12.27"]
[EventType "swiss"]
[EventCountry "SWE"]
[SourceTitle "playchess.com"]
[Source "ChessBase"]
[SourceQuality "1"]
[TimeControl "40/5400+30:1800+30"]

1. e4 {[%emt 0:00:00]} e6 {[%emt 0:00:00]} 2. d4 {[%emt 0:00:00]} d5 {[%emt 0:00:00]} 3. Nd2 {[%emt 0:00:06]} Be7 {[%emt 0:00:00]} 4. Ngf3 {[%emt 0:00:46]} Nf6 {[%emt 0:00:00]} 5. Bd3 {[%emt 0:00:07]} c5 {[%emt 0:00:02]} 6. c3 {[%emt 0:00:09]} cxd4 {[%emt 0:00:07]} 7. cxd4 {[%emt 0:00:09]} dxe4 {[%emt 0:00:03]} 8. Nxe4 {[%emt 0:00:13]} Bd7 {[%emt 0:00:05]} 9. Nc3 {[%emt 0:07:35]} Bc6 {[%emt 0:01:35]} 10. O-O {[%emt 0:00:25]} O-O {[%emt 0:00:37]} 11. Ne5 {[%emt 0:04:16]} Nbd7 {[%emt 0:01:10]} 12. Nxc6 {[%emt 0:09:14]} bxc6 {[%emt 0:02:13]} 13. b3 {[%emt 0:00:07]} Qa5 {[%emt 0:03:10]} 14. Ne4 {[%emt 0:00:52]} Rfd8 {[%emt 0:04:28]} 15. Bb2 {[%emt 0:01:50]} Rac8 {[%emt 0:02:45]} 16. Qc2 {[%emt 0:07:28]} Ba3 {[%emt 0:03:37]} 17. Bc3 {[%emt 0:01:46]} Bb4 {[%emt 0:00:26]} 18. Bb2 {[%emt 0:00:34]} Ba3 {[%emt 0:07:49]} 19. Bc3 {[%emt 0:00:08]} Bb4 {[%emt 0:00:38]} 20. Bb2 {[%emt 0:00:07]} Nxe4 {[%emt 0:00:33]} 21. Bxe4 {[%emt 0:00:08]} Nf6 {[%emt 0:00:09]} 22. Bf3 {[%emt 0:10:33]} c5 {[%emt 0:15:23]} 23. Rac1 {[%emt 0:03:36]} Qa6 {[%emt 0:04:08]} 24. Be2 {[%emt 0:05:11]} Qb7 {[%emt 0:00:48]} 25. Bf3 {[%emt 0:00:06]} Qa6 {[%emt 0:00:03]} 26. Be2 {[%emt 0:08:04]} Qb7 {[%emt 0:00:11]} 27. Bf3 {[%emt 0:00:06]} Qa6 {[%emt 0:02:06]} 1/2-1/2

[Event "48th Rilton Cup 2018"]
[Site "Stockholm"]
[Date "2019.01.03"]
[Round "7"]
[White "Zumsande, Martin"]
[Black "Bellia, Fabrizio"]
[Result "1/2-1/2"]
[WhiteElo "2490"]
[BlackElo "2458"]
[Annotator "ChessBase"]
[PlyCount "67"]
[EventDate "2018.12.27"]
[EventType "swiss"]
[EventCountry "SWE"]
[SourceTitle "playchess.com"]
[Source "ChessBase"]
[SourceQuality "1"]
[TimeControl "40/5400+30:1800+30"]

1. e4 {[%emt 0:00:00]} e5 {[%emt 0:00:00]} 2. Nf3 {[%emt 0:00:00]} Nc6 {[%emt 0:00:02]} 3. Bc4 {[%emt 0:00:00]} Bc5 {[%emt 0:00:04]} 4. d3 {[%emt 0:00:00]} Nf6 {[%emt 0:00:07]} 5. O-O {[%emt 0:00:31]} d6 {[%emt 0:00:39]} 6. a4 {[%emt 0:00:55]} a6 {[%emt 0:00:29]} 7. c3 {[%emt 0:00:29]} Ba7 {[%emt 0:00:09]} 8. Re1 {[%emt 0:05:00]} h6 {[%emt 0:01:37]} 9. Bb3 {[%emt 0:15:38]} O-O {[%emt 0:07:21]} 10. h3 {[%emt 0:00:43]} Nh5 {[%emt 0:02:50]} 11. d4 {[%emt 0:08:21]} Qf6 {[%emt 0:04:00]} 12. Nxe5 {[%emt 0:12:38]} dxe5 {[%emt 0:13:05]} 13. Qxh5 {[%emt 0:00:06]} exd4 {[%emt 0:00:07]} 14. e5 {[%emt 0:01:30]} Qf5 {[%emt 0:00:54]} 15. Qxf5 {[%emt 0:03:25]} Bxf5 {[%emt 0:00:20]} 16. Nd2 {[%emt 0:09:01]} dxc3 {[%emt 0:14:01]} 17. bxc3 {[%emt 0:00:05]} Rfe8 {[%emt 0:00:10]} 18. Nf3 {[%emt 0:02:03]} Na5 {[%emt 0:00:17]} 19. Ba2 {[%emt 0:04:28]} Rad8 {[%emt 0:01:37]} 20. Bf4 {[%emt 0:07:20]} Be6 {[%emt 0:07:25]} 21. Bxe6 {[%emt 0:02:21]} fxe6 {[%emt 0:00:21]} 22. Be3 {[%emt 0:01:26]} Bxe3 {[%emt 0:01:03]} 23. Rxe3 {[%emt 0:00:03]} Rd5 {[%emt 0:00:37]} 24. Kf1 {[%emt 0:08:11]} Nc6 {[%emt 0:05:14]} 25. Rb1 {[%emt 0:01:40]} b6 {[%emt 0:00:11]} 26. Re4 {[%emt 0:01:20]} Red8 {[%emt 0:00:53]} 27. Rc4 {[%emt 0:01:54]} Nxe5 {[%emt 0:00:47]} 28. Nxe5 {[%emt 0:00:05]} Rxe5 {[%emt 0:00:03]} 29. Rxc7 {[%emt 0:00:05]} Rd2 {[%emt 0:00:13]} 30. Re1 {[%emt 0:01:09]} Rxe1+ {[%emt 0:01:12]} 31. Kxe1 {[%emt 0:00:04]} Ra2 {[%emt 0:00:07]} 32. Rc6 {[%emt 0:02:21]} Rxa4 {[%emt 0:01:01]} 33. Rxb6 {[%emt 0:00:14]} Kf7 {[%emt 0:00:33]} 34. Ke2 {[%emt 0:03:04]} 1/2-1/2

[Event "48th Rilton Cup 2018"]
[Site "Stockholm"]
[Date "2019.01.03"]
[Round "7"]
[White "Libiszewski, Fabien"]
[Black "Eggleston, David J"]
[Result "1/2-1/2"]
[WhiteElo "2481"]
[BlackElo "2397"]
[Annotator "ChessBase"]
[PlyCount "41"]
[EventDate "2018.12.27"]
[EventType "swiss"]
[EventCountry "SWE"]
[SourceTitle "playchess.com"]
[Source "ChessBase"]
[SourceQuality "1"]
[TimeControl "40/5400+30:1800+30"]

1. c4 {[%emt 0:01:27]} e6 {[%emt 0:02:51]} 2. g3 {[%emt 0:00:32]} d5 {[%emt 0:00:40]} 3. Bg2 {[%emt 0:00:33]} Nf6 {[%emt 0:00:05]} 4. Nf3 {[%emt 0:00:12]} Be7 {[%emt 0:00:05]} 5. d4 {[%emt 0:00:31]} O-O {[%emt 0:00:06]} 6. Nc3 {[%emt 0:00:23]} dxc4 {[%emt 0:04:14]} 7. Ne5 {[%emt 0:00:35]} c5 {[%emt 0:01:28]} 8. dxc5 {[%emt 0:00:28]} Qxd1+ {[%emt 0:00:21]} 9. Nxd1 {[%emt 0:00:14]} Bxc5 {[%emt 0:00:37]} 10. Nc3 {[%emt 0:00:43]} Nc6 {[%emt 0:00:49]} 11. Nxc4 {[%emt 0:00:38]} e5 {[%emt 0:04:42]} 12. Be3 {[%emt 0:14:58]} Bd4 {[%emt 0:05:22]} 13. Rd1 {[%emt 0:16:49]} Be6 {[%emt 0:10:00]} 14. Bxc6 {[%emt 0:03:56]} Bxc3+ {[%emt 0:04:19]} 15. bxc3 {[%emt 0:00:57]} Bxc4 {[%emt 0:02:04]} 16. Bxb7 {[%emt 0:04:00]} Rab8 {[%emt 0:00:24]} 17. Bg2 {[%emt 0:01:25]} Rb2 {[%emt 0:02:21]} 18. Rd2 {[%emt 0:02:37]} Rb1+ {[%emt 0:07:33]} 19. Rd1 {[%emt 0:00:18]} Rb2 {[%emt 0:00:06]} 20. Rd2 {[%emt 0:00:19]} Rb1+ {[%emt 0:03:32]} 21. Rd1 {[%emt 0:00:56]} 1/2-1/2

[Event "48th Rilton Cup 2018"]
[Site "Stockholm"]
[Date "2019.01.03"]
[Round "7"]
[White "Hauge, Lars Oskar"]
[Black "Pranav Anand"]
[Result "1-0"]
[WhiteElo "2466"]
[BlackElo "2274"]
[Annotator "ChessBase"]
[PlyCount "105"]
[EventDate "2018.12.27"]
[EventType "swiss"]
[EventCountry "SWE"]
[SourceTitle "playchess.com"]
[Source "ChessBase"]
[SourceQuality "1"]
[TimeControl "40/5400+30:1800+30"]

1. e4 {[%emt 0:05:33]} e5 {[%emt 0:00:00]} 2. Nf3 {[%emt 0:00:05]} Nc6 {[%emt 0:00:00]} 3. Bb5 {[%emt 0:00:03]} a6 {[%emt 0:00:00]} 4. Ba4 {[%emt 0:00:02]} Nf6 {[%emt 0:00:00]} 5. O-O {[%emt 0:00:04]} Be7 {[%emt 0:00:01]} 6. Re1 {[%emt 0:00:04]} b5 {[%emt 0:00:03]} 7. Bb3 {[%emt 0:00:04]} d6 {[%emt 0:00:04]} 8. c3 {[%emt 0:00:04]} O-O {[%emt 0:00:04]} 9. h3 {[%emt 0:00:16]} Nb8 {[%emt 0:00:03]} 10. d4 {[%emt 0:00:07]} Nbd7 {[%emt 0:00:04]} 11. c4 {[%emt 0:00:05]} c6 {[%emt 0:00:35]} 12. Nc3 {[%emt 0:00:25]} b4 {[%emt 0:01:05]} 13. Ne2 {[%emt 0:00:12]} Nxe4 {[%emt 0:08:33]} 14. Qc2 {[%emt 0:00:27]} f5 {[%emt 0:10:57]} 15. c5+ {[%emt 0:00:12]} d5 {[%emt 0:01:58]} 16. Be3 {[%emt 0:00:13]} Bf6 {[%emt 0:14:24]} 17. dxe5 {[%emt 0:09:35]} Nxe5 {[%emt 0:01:21]} 18. Nfd4 {[%emt 0:00:20]} Bd7 {[%emt 0:15:58]} 19. f3 {[%emt 0:07:31]} Nxc5 {[%emt 0:09:55]} 20. Nxc6 {[%emt 0:14:44]} Nxb3 {[%emt 0:05:31]} 21. Nxd8 {[%emt 0:01:20]} Nxa1 {[%emt 0:00:04]} 22. Rxa1 {[%emt 0:00:28]} Raxd8 {[%emt 0:00:05]} 23. Bd4 {[%emt 0:02:07]} Bb5 {[%emt 0:01:14]} 24. Kh1 {[%emt 0:00:33]} Nc6 {[%emt 0:07:54]} 25. Bxf6 {[%emt 0:04:41]} Rxf6 {[%emt 0:00:12]} 26. Nf4 {[%emt 0:01:43]} g6 {[%emt 0:04:24]} 27. h4 {[%emt 0:03:31]} Kf7 {[%emt 0:00:56]} 28. Re1 {[%emt 0:00:56]} Rd7 {[%emt 0:03:05]} 29. Kg1 {[%emt 0:01:36]} Rfd6 {[%emt 0:02:37]} 30. h5 {[%emt 0:01:30]} Bc4 {[%emt 0:04:04]} 31. Qf2 {[%emt 0:04:19]} g5 {[%emt 0:01:34]} 32. Qc2 {[%emt 0:02:56]} Kf6 {[%emt 0:02:50]} 33. Nd3 {[%emt 0:02:08]} Re7 {[%emt 0:02:44]} 34. Rxe7 {[%emt 0:00:34]} Kxe7 {[%emt 0:00:07]} 35. Nc5 {[%emt 0:01:46]} Rf6 {[%emt 0:01:22]} 36. Qd2 {[%emt 0:00:17]} h6 {[%emt 0:01:31]} 37. b3 {[%emt 0:00:11]} Bb5 {[%emt 0:02:09]} 38. Qxd5 {[%emt 0:00:09]} Nd8 {[%emt 0:00:37]} 39. Qd4 {[%emt 0:01:56]} Ne6 {[%emt 0:00:38]} 40. Qxb4 {[%emt 0:00:30]} Nxc5 {[%emt 0:00:28]} 41. Qxc5+ {[%emt 0:30:07]} Kf7 {[%emt 0:02:27]} 42. Kf2 {[%emt 0:00:00]} f4 {[%emt 0:00:26]} 43. Qc7+ {[%emt 0:00:00]} Ke6 {[%emt 0:00:46]} 44. a4 {[%emt 0:00:00]} Be8 {[%emt 0:01:01]} 45. Qb7 {[%emt 0:00:00]} Bxh5 {[%emt 0:02:33]} 46. Qxa6+ {[%emt 0:00:00]} Ke7 {[%emt 0:00:13]} 47. Qb7+ {[%emt 0:00:00]} Kd6 {[%emt 0:00:12]} 48. a5 {[%emt 0:00:00]} Bf7 {[%emt 0:01:07]} 49. Qb6+ {[%emt 0:00:00]} Ke7 {[%emt 0:00:06]} 50. Qc7+ {[%emt 0:00:00]} Ke8 {[%emt 0:00:15]} 51. a6 {[%emt 0:00:00]} Bxb3 {[%emt 0:00:13]} 52. a7 {[%emt 0:00:00]} Bd5 {[%emt 0:00:07]} 53. Qe5+ {[%emt 0:00:00]} 1-0

[Event "48th Rilton Cup 2018"]
[Site "Stockholm"]
[Date "2019.01.03"]
[Round "7"]
[White "Rakesh Kumar Jena"]
[Black "Debashis, Das"]
[Result "1/2-1/2"]
[WhiteElo "2398"]
[BlackElo "2544"]
[Annotator "ChessBase"]
[PlyCount "94"]
[EventDate "2018.12.27"]
[EventType "swiss"]
[EventCountry "SWE"]
[SourceTitle "playchess.com"]
[Source "ChessBase"]
[SourceQuality "1"]
[TimeControl "40/5400+30:1800+30"]

1. d4 {[%emt 0:00:48]} Nf6 {[%emt 0:00:00]} 2. Bf4 {[%emt 0:00:08]} e6 {[%emt 0:00:00]} 3. Nf3 {[%emt 0:00:10]} c5 {[%emt 0:00:00]} 4. e3 {[%emt 0:00:04]} d5 {[%emt 0:00:00]} 5. Nbd2 {[%emt 0:00:11]} Nc6 {[%emt 0:00:00]} 6. c3 {[%emt 0:00:06]} cxd4 {[%emt 0:00:02]} 7. exd4 {[%emt 0:00:04]} Nh5 {[%emt 0:00:04]} 8. Be3 {[%emt 0:00:04]} Bd6 {[%emt 0:00:04]} 9. Ne5 {[%emt 0:00:06]} g6 {[%emt 0:00:06]} 10. f4 {[%emt 0:00:05]} f6 {[%emt 0:00:44]} 11. Nd3 {[%emt 0:00:07]} Ng7 {[%emt 0:00:24]} 12. g3 {[%emt 0:03:18]} b6 {[%emt 0:03:00]} 13. Bg2 {[%emt 0:01:44]} O-O {[%emt 0:01:33]} 14. O-O {[%emt 0:00:23]} Ba6 {[%emt 0:02:20]} 15. Nf3 {[%emt 0:04:06]} Rc8 {[%emt 0:03:18]} 16. Re1 {[%emt 0:11:56]} Re8 {[%emt 0:02:42]} 17. Bf2 {[%emt 0:00:11]} Nf5 {[%emt 0:07:40]} 18. a3 {[%emt 0:04:44]} Bb8 {[%emt 0:04:32]} 19. Nb4 {[%emt 0:03:12]} Bb7 {[%emt 0:00:06]} 20. Nxc6 {[%emt 0:00:28]} Bxc6 {[%emt 0:00:13]} 21. h4 {[%emt 0:00:34]} Rc7 {[%emt 0:08:00]} 22. Bh3 {[%emt 0:09:18]} Rg7 {[%emt 0:02:55]} 23. Qd3 {[%emt 0:07:25]} Bd7 {[%emt 0:06:58]} 24. c4 {[%emt 0:13:14]} Nd6 {[%emt 0:13:40]} 25. Nd2 {[%emt 0:04:35]} Kh8 {[%emt 0:07:18]} 26. c5 {[%emt 0:02:48]} Nf5 {[%emt 0:05:32]} 27. Rac1 {[%emt 0:01:11]} g5 {[%emt 0:04:01]} 28. c6 {[%emt 0:00:50]} Bc8 {[%emt 0:00:19]} 29. hxg5 {[%emt 0:00:11]} fxg5 {[%emt 0:00:21]} 30. Bxf5 {[%emt 0:08:17]} gxf4 {[%emt 0:01:36]} 31. c7 {[%emt 0:00:42]} Bxc7 {[%emt 0:03:52]} 32. Rxc7 {[%emt 0:00:16]} Qxc7 {[%emt 0:00:56]} 33. Bh3 {[%emt 0:00:45]} fxg3 {[%emt 0:03:34]} 34. Be3 {[%emt 0:00:02]} e5 {[%emt 0:05:42]} 35. Bg2 {[%emt 0:01:37]} e4 {[%emt 0:00:17]} 36. Qb5 {[%emt 0:01:11]} Qd7 {[%emt 0:04:09]} 37. Qxd7 {[%emt 0:00:07]} Bxd7 {[%emt 0:00:04]} 38. Bf4 {[%emt 0:00:18]} h5 {[%emt 0:03:12]} 39. Be5 {[%emt 0:02:45]} h4 {[%emt 0:01:37]} 40. Bf6 {[%emt 0:00:37]} Rf8 {[%emt 0:06:30]} 41. Bxh4 {[%emt 0:30:55]} Rf4 {[%emt 0:11:10]} 42. Bd8 {[%emt 0:00:00]} Rf2 {[%emt 0:01:17]} 43. Nf1 {[%emt 0:00:00]} Kg8 {[%emt 0:00:54]} 44. b4 {[%emt 0:00:00]} Bb5 {[%emt 0:04:22]} 45. Ne3 {[%emt 0:00:00]} Rf8 {[%emt 0:04:30]} 46. Bh4 {[%emt 0:00:00]} Rf4 {[%emt 0:00:02]} 47. Bd8 {[%emt 0:00:00]} Rf8 {[%emt 0:00:02]} 1/2-1/2

[Event "48th Rilton Cup 2018"]
[Site "Stockholm"]
[Date "2019.01.03"]
[Round "7"]
[White "Soysal, Serkan"]
[Black "Sengupta, Deep"]
[Result "1/2-1/2"]
[WhiteElo "2398"]
[BlackElo "2565"]
[Annotator "ChessBase"]
[PlyCount "66"]
[EventDate "2018.12.27"]
[EventType "swiss"]
[EventCountry "SWE"]
[SourceTitle "playchess.com"]
[Source "ChessBase"]
[SourceQuality "1"]
[TimeControl "40/5400+30:1800+30"]

1. c4 {[%emt 0:00:04]} e5 {[%emt 0:00:07]} 2. Nc3 {[%emt 0:00:03]} Nf6 {[%emt 0:00:05]} 3. Nf3 {[%emt 0:00:04]} Nc6 {[%emt 0:00:04]} 4. e3 {[%emt 0:00:06]} Bb4 {[%emt 0:00:05]} 5. Qc2 {[%emt 0:00:05]} Bxc3 {[%emt 0:00:17]} 6. Qxc3 {[%emt 0:00:03]} Qe7 {[%emt 0:00:06]} 7. Be2 {[%emt 0:00:31]} d5 {[%emt 0:00:21]} 8. O-O {[%emt 0:09:34]} O-O {[%emt 0:08:54]} 9. d4 {[%emt 0:00:42]} exd4 {[%emt 0:11:22]} 10. Nxd4 {[%emt 0:00:10]} Nxd4 {[%emt 0:00:06]} 11. Qxd4 {[%emt 0:00:07]} c5 {[%emt 0:00:09]} 12. Qh4 {[%emt 0:04:22]} dxc4 {[%emt 0:00:51]} 13. Bxc4 {[%emt 0:02:41]} Be6 {[%emt 0:00:05]} 14. Bd2 {[%emt 0:11:23]} Bxc4 {[%emt 0:09:40]} 15. Qxc4 {[%emt 0:00:03]} Ne4 {[%emt 0:00:06]} 16. Bc3 {[%emt 0:05:40]} Rfd8 {[%emt 0:00:46]} 17. Rad1 {[%emt 0:02:24]} Rxd1 {[%emt 0:03:02]} 18. Rxd1 {[%emt 0:00:02]} Rd8 {[%emt 0:00:18]} 19. Rd5 {[%emt 0:01:44]} Nxc3 {[%emt 0:09:01]} 20. bxc3 {[%emt 0:00:18]} g6 {[%emt 0:00:17]} 21. g3 {[%emt 0:06:29]} Rxd5 {[%emt 0:02:29]} 22. Qxd5 {[%emt 0:00:03]} b5 {[%emt 0:01:50]} 23. h4 {[%emt 0:16:25]} h5 {[%emt 0:00:58]} 24. Qc6 {[%emt 0:07:29]} Qe5 {[%emt 0:02:48]} 25. Qxb5 {[%emt 0:02:35]} Qxc3 {[%emt 0:00:23]} 26. Qb8+ {[%emt 0:05:12]} Kg7 {[%emt 0:00:15]} 27. Qxa7 {[%emt 0:00:16]} c4 {[%emt 0:00:06]} 28. Qc5 {[%emt 0:03:18]} Qd3 {[%emt 0:04:24]} 29. Qe5+ {[%emt 0:01:50]} Kg8 {[%emt 0:00:05]} 30. Qe8+ {[%emt 0:00:24]} Kg7 {[%emt 0:00:05]} 31. Qe5+ {[%emt 0:00:17]} Kg8 {[%emt 0:00:28]} 32. Qe8+ {[%emt 0:00:08]} Kg7 {[%emt 0:00:03]} 33. Qe5+ {[%emt 0:00:44]} Kg8 1/2-1/2

[Event "48th Rilton Cup 2018"]
[Site "Stockholm"]
[Date "2019.01.03"]
[Round "7"]
[White "Roy, Prantik"]
[Black "Maze, Sebastien"]
[Result "0-1"]
[WhiteElo "2382"]
[BlackElo "2596"]
[Annotator "TA"]
[PlyCount "130"]
[EventDate "2018.12.27"]
[EventType "swiss"]
[EventCountry "SWE"]
[SourceTitle "playchess.com"]
[Source "ChessBase"]
[SourceQuality "1"]

{[%evp 19,130,-41,0,-5,-7,-10,-13,-13,-11,-16,-13,-14,-9,-7,0,-7,0,-10,-8,-17,0,-25,-11,-12,0,0,13,0,15,15,36,18,40,43,53,0,0,0,0,0,0,0,0,0,5,0,0,0,0,0,0,0,0,0,0,0,0,0,0,0,0,0,0,0,-39,-82,-86,-140,-142,-127,-143,-153,-143,-114,-138,-289,-251,-337,-337,-1036,-1005,-973,-972,-1397,-1241,-1797,-1795,-1757,-1218,-1156,-1017,-1026,-1014,-954,-863,-2187,-1561,-29979,-29980,-29976,-29978,-29978,-29979,-29978,-29979,-29982,-29983,-29983,-29984,-29983,-29975,-29988,-29988]} 1. e4 c6 2. d3 d5 3. Nd2 e5 4. Ngf3 Nd7 5. g3 Ngf6 6. Bg2 Bd6 7. O-O O-O 8. c3 Re8 9. Qc2 {B10: Caro-Kann: 2 d3 and 2 c4} a5 (9... dxe4 10. dxe4 Qc7 11. Nc4 Bf8 12. a4 a5 13. Rd1 b5 14. Ne3 Nc5 15. axb5 cxb5 16. Nd5 Nxd5 17. exd5 {0-1 (68) Pantsulaia,L (2607)-Riazantsev,A (2671) Doha 2016}) 10. a4 b6 {LiveBook: 3 Games} 11. Re1 {The position is equal.} Ba6 12. d4 $146 ({Predecessor:} 12. Bf1 Rc8 13. b3 h6 14. Nh4 Bf8 15. Qb1 Nc5 16. b4 axb4 17. cxb4 {0-1 (47) Madina Yadarola,M (2250)-Teske,H (2536) Collado Villalba 2009}) 12... exd4 13. cxd4 {And now e5 would win.} dxe4 14. Nxe4 Nxe4 15. Rxe4 Rxe4 16. Qxe4 Nf6 17. Qh4 Nd5 18. Bg5 f6 19. Bd2 Qe8 20. Re1 Qf7 21. Qe4 Bc8 22. Nh4 Bd7 23. Nf5 Bf8 24. Ne3 Re8 25. Qc2 {next Nxd5 is good for White.} Nxe3 26. Bxe3 c5 27. d5 (27. Rd1 $14) 27... Bd6 $11 28. Bf1 Bc8 29. Qb3 Qc7 30. Bd2 Rxe1 31. Bxe1 Kf7 32. Bd3 g6 33. Bc3 Kg7 34. Bf1 Bd7 35. Bb5 {aiming for Bxd7.} Bh3 36. Bf1 Bd7 37. Kg2 Be5 38. f4 Bxc3 39. bxc3 g5 40. Qc4 gxf4 41. gxf4 Qd8 42. Bd3 Qe8 $1 43. Kf2 (43. Qa6 $142) 43... Bxa4 $17 44. Qa6 Qb8 45. Qc4 Be8 46. Qe4 {Threatens to win with Qe7+.} Kf8 47. Kg3 $2 (47. Kf3 $17) 47... Qd6 $19 48. c4 Qe7 $1 49. Qxh7 $2 (49. Qf3 Qe1+ 50. Qf2) 49... Qxh7 50. Bxh7 {[%mdl 4096] Endgame [#] KB-KB} Ba4 $1 {[%cal Ra4b3]} 51. d6 Bb3 52. h4 a4 53. h5 a3 54. Bb1 Bxc4 55. h6 Bg8 56. Ba2 {[#]} Bh7 $1 ({Wrong is} 56... Bxa2 $2 57. h7 $18) 57. Kf3 Ke8 58. Be6 b5 {Black mates.} 59. Kg4 c4 60. Bf5 a2 61. Bxh7 a1=Q 62. Bg6+ Kd7 63. h7 Kxd6 64. Kf5 Qa8 65. Kxf6 Qf8+ {Accuracy: White = 53%, Black = 75%.} 0-1

[Event "48th Rilton Cup 2018"]
[Site "Stockholm"]
[Date "2019.01.03"]
[Round "7"]
[White "Vaishali R"]
[Black "Blomqvist, Erik"]
[Result "0-1"]
[WhiteElo "2354"]
[BlackElo "2497"]
[Annotator "ChessBase"]
[PlyCount "84"]
[EventDate "2018.12.27"]
[EventType "swiss"]
[EventCountry "SWE"]
[SourceTitle "playchess.com"]
[Source "ChessBase"]
[SourceQuality "1"]
[TimeControl "40/5400+30:1800+30"]

1. e4 {[%emt 0:00:00]} c5 {[%emt 0:00:00]} 2. Nf3 {[%emt 0:00:03]} e6 {[%emt 0:00:00]} 3. d4 {[%emt 0:00:03]} cxd4 {[%emt 0:00:00]} 4. Nxd4 {[%emt 0:00:03]} Nc6 {[%emt 0:00:08]} 5. Nc3 {[%emt 0:00:05]} d6 {[%emt 0:00:07]} 6. Be2 {[%emt 0:00:26]} Nf6 {[%emt 0:00:15]} 7. O-O {[%emt 0:00:35]} Be7 {[%emt 0:00:09]} 8. Be3 {[%emt 0:00:13]} O-O {[%emt 0:00:19]} 9. f4 {[%emt 0:00:28]} e5 {[%emt 0:00:30]} 10. fxe5 {[%emt 0:06:57]} dxe5 {[%emt 0:00:45]} 11. Nf5 {[%emt 0:00:14]} Bxf5 {[%emt 0:00:30]} 12. Rxf5 {[%emt 0:00:12]} Rc8 {[%emt 0:12:17]} 13. Bd3 {[%emt 0:07:02]} Nd7 {[%emt 0:02:48]} 14. Nd5 {[%emt 0:18:25]} Bc5 {[%emt 0:01:18]} 15. Qd2 {[%emt 0:14:21]} Ne7 {[%emt 0:09:57]} 16. Nxe7+ {[%emt 0:01:34]} Qxe7 {[%emt 0:04:49]} 17. Raf1 {[%emt 0:01:22]} g6 {[%emt 0:06:59]} 18. R5f2 {[%emt 0:01:52]} a6 {[%emt 0:05:31]} 19. c3 {[%emt 0:07:15]} Bxe3 {[%emt 0:14:20]} 20. Qxe3 {[%emt 0:00:03]} Kg7 {[%emt 0:00:27]} 21. Bc2 {[%emt 0:02:27]} Nc5 {[%emt 0:02:51]} 22. b4 {[%emt 0:16:30]} Ne6 {[%emt 0:00:14]} 23. Bb3 {[%emt 0:00:26]} h5 {[%emt 0:06:43]} 24. g3 {[%emt 0:04:12]} h4 {[%emt 0:05:32]} 25. Bd5 {[%emt 0:07:10]} b5 {[%emt 0:07:12]} 26. Kg2 {[%emt 0:06:57]} Rc7 {[%emt 0:07:37]} 27. Rf3 {[%emt 0:02:11]} f6 {[%emt 0:09:56]} 28. R3f2 {[%emt 0:01:50]} hxg3 {[%emt 0:01:27]} 29. hxg3 {[%emt 0:00:08]} Ng5 {[%emt 0:00:17]} 30. Rh1 {[%emt 0:01:15]} Rfc8 {[%emt 0:00:30]} 31. Rc1 {[%emt 0:00:34]} Qd7 {[%emt 0:00:32]} 32. Rh1 {[%emt 0:00:34]} Rxc3 {[%emt 0:00:50]} 33. Qe2 {[%emt 0:00:30]} Rh8 {[%emt 0:01:03]} 34. Rff1 {[%emt 0:00:31]} Rxh1 {[%emt 0:00:29]} 35. Rxh1 {[%emt 0:00:03]} Qc8 {[%emt 0:00:19]} 36. Bb3 {[%emt 0:00:32]} Qd7 {[%emt 0:00:34]} 37. Bd5 {[%emt 0:00:51]} Qa7 {[%emt 0:00:30]} 38. Rd1 {[%emt 0:00:29]} Qc7 {[%emt 0:00:29]} 39. Rd2 {[%emt 0:00:33]} Qc8 {[%emt 0:00:13]} 40. g4 {[%emt 0:00:31]} Nh3 {[%emt 0:00:47]} 41. Qd1 {[%emt 0:01:45]} Nf4+ {[%emt 0:02:22]} 42. Kf2 {[%emt 0:00:13]} Qh8 {[%emt 0:00:27]} 0-1